[Event "Ruhrgebiet Verbandsliga Gruppe 2 1819"]
[Site "Nordrheinwestfalen"]
[Date "2018.12.02"]
[Round "4.4"]
[White "Andersen, Knut"]
[Black "Mueller Clostermann, Bruno"]
[Result "0-1"]
[WhiteElo "1876"]
[BlackElo "2045"]
[PlyCount "72"]
[EventDate "2018.09.23"]
[EventType "team-tourn"]
[EventRounds "9"]
[EventCountry "GER"]
[SourceTitle "EXT 2022"]
[Source "ChessBase"]
[SourceDate "2021.10.06"]
[SourceVersion "1"]
[SourceVersionDate "2021.10.06"]
[SourceQuality "1"]
[WhiteTeam "Buer SF"]
[BlackTeam "Essen Katernberg III"]
[WhiteTeamCountry "GER"]
[BlackTeamCountry "GER"]

1. d4 f5 2. g3 Nf6 3. Bg2 d6 4. Nf3 e6 5. 0-0 Be7 6. c4 0-0 7. Nc3 Ne4 8. Qc2 Nxc3 9. Qxc3 a5 10. Be3 Bf6 11. Qc2 e5 12. dxe5 dxe5 13. Rfd1 Qe8 14. Rac1 Qh5 15. Bc5 Re8 16. Ne1 Ra6 17. Bf3 Qg6 18. Qb3 e4 19. Bg2 Nc6 20. Be3 a4 21. Qc2 Qh5 22. a3 Ne5 23. Bf4 g5 24. Bxe5 Bxe5 25. c5 Be6 26. Rd2 Bb3 27. Qb1 f4 28. c6 e3 29. Rd7 exf2+ 30. Kxf2 fxg3+ 31. hxg3 Bxg3+ 32. Kf1 Qxe2+ 33. Kg1 Qh5 34. Nf3 Rxc6 35. Rxc6 bxc6 36. Qf5 Be6 0-1

[Event "MVP-ch Seniors op 18th"]
[Site "Ostseebad Binz"]
[Date "2018.11.30"]
[Round "3"]
[White "Mueller Clostermann, Bruno"]
[Black "Meyer, Irmin"]
[Result "1-0"]
[WhiteElo "2103"]
[BlackElo "2002"]
[PlyCount "43"]
[EventDate "2018.11.28"]
[EventType "swiss"]
[EventRounds "9"]
[EventCountry "GER"]
[SourceTitle "CBM 188 Extra"]
[Source "ChessBase"]
[SourceDate "2019.02.26"]
[SourceVersion "1"]
[SourceVersionDate "2019.02.26"]
[SourceQuality "1"]

1. d4 Nf6 2. c4 e6 3. g3 d5 4. Bg2 dxc4 5. Nf3 a6 6. 0-0 Nbd7 7. Nbd2 c5 8. Nxc4 cxd4 9. Bf4 Nb6 10. Rc1 Nbd5 11. Qxd4 Be7 12. Rfd1 b5 13. Nce5 Qb6 14. Qxb6 Nxb6 15. Ng5 Nfd5 16. Nexf7 0-0 17. Ne5 h6 18. Nh3 g5 19. Ng6 gxf4 20. Nxe7+ Kf7 21. Nxd5 exd5 22. Nxf4 1-0

[Event "Ruhrgebiet Verbandsliga Gruppe 2 1819"]
[Site "Nordrheinwestfalen"]
[Date "2018.10.07"]
[Round "2.3"]
[White "Mueller Clostermann, Bruno"]
[Black "Dukic, Dalibor"]
[Result "0-1"]
[WhiteElo "2044"]
[BlackElo "2030"]
[PlyCount "90"]
[EventDate "2018.09.23"]
[EventType "team-tourn"]
[EventRounds "9"]
[EventCountry "GER"]
[SourceTitle "EXT 2022"]
[Source "ChessBase"]
[SourceDate "2021.10.06"]
[SourceVersion "1"]
[SourceVersionDate "2021.10.06"]
[SourceQuality "1"]
[WhiteTeam "Essen Katernberg III"]
[BlackTeam "Hamm SV"]
[WhiteTeamCountry "GER"]
[BlackTeamCountry "GER"]

1. d4 Nf6 2. c4 d6 3. Nf3 Nbd7 4. Nc3 e5 5. e4 Be7 6. g3 0-0 7. Bg2 Re8 8. 0-0 h6 9. h3 Bf8 10. Be3 b6 11. Qc2 Ba6 12. b3 c6 13. Rfd1 Qc7 14. Rd2 Rac8 15. Rad1 b5 16. c5 exd4 17. cxd6 Bxd6 18. Nxd4 Bb4 19. Nf5 Re6 20. Qb2 Qa5 21. Rc2 Ba3 22. Qa1 Bf8 23. f4 b4 24. Na4 Nxe4 25. Nd4 Ree8 26. Nxc6 Rxc6 27. Rxc6 Bb5 28. Rc2 Nxg3 29. Bf2 Ne2+ 30. Kh1 Nxf4 31. Qd4 Nxg2 32. Kxg2 Qa6 33. Bg3 Nf6 34. Nc5 Bc6+ 35. Kg1 Qc8 36. Kh2 Qf5 37. Qd3 Ne4 38. Rf1 Qg6 39. Na6 Nxg3 40. Qxg6 Nxf1+ 41. Kg1 fxg6 42. Rxc6 Ng3 43. Rxg6 Ne2+ 44. Kf2 Nc3 45. Nc7 Re2+ 0-1

[Event "WchT Seniors 65"]
[Site "Dresden"]
[Date "2018.07.11"]
[Round "5.5"]
[White "Mueller Clostermann, Bruno"]
[Black "Kierzek, Matthias"]
[Result "1/2-1/2"]
[WhiteElo "2114"]
[BlackElo "2247"]
[PlyCount "71"]
[EventDate "2018.07.07"]
[EventType "team-swiss"]
[EventRounds "9"]
[EventCountry "GER"]
[SourceTitle "CBM 185 Extra"]
[Source "ChessBase"]
[SourceDate "2018.07.29"]
[SourceVersion "1"]
[SourceVersionDate "2018.07.29"]
[SourceQuality "1"]
[WhiteTeam "Essen Katernberg"]
[BlackTeam "Germany III"]
[WhiteTeamCountry "GER"]
[BlackTeamCountry "GER"]

1. Nf3 d5 2. g3 Bg4 3. Bg2 Nd7 4. c4 e6 5. 0-0 Ngf6 6. b3 Be7 7. Bb2 0-0 8. h3 Bf5 9. d3 h6 10. Nbd2 c6 11. Re1 Bh7 12. a3 a5 13. Ra2 Nc5 14. Ne5 Bd6 15. Qa1 a4 16. b4 Nb3 17. Qd1 d4 18. Nef3 Nxd2 19. Qxd2 c5 20. e3 dxe3 21. Rxe3 Qe7 22. bxc5 Bxc5 23. d4 Rfd8 24. Qe2 Bb6 25. Bc3 Qc7 26. Rd2 Ba5 27. Ne5 Bxc3 28. Rxc3 Qb6 29. d5 Qa5 30. Rc1 exd5 31. cxd5 Nxd5 32. Rcd1 Nf6 33. Rxd8+ Rxd8 34. Rxd8+ Qxd8 35. Bxb7 Qc7 36. Qb2 1/2-1/2

[Event "MVP-ch Seniors op 17th"]
[Site "Binz"]
[Date "2017.12.05"]
[Round "7.12"]
[White "Mueller Clostermann, Bruno"]
[Black "Kracht, Helmut"]
[Result "0-1"]
[WhiteElo "2122"]
[BlackElo "1994"]
[PlyCount "56"]
[EventDate "2017.11.29"]
[EventType "swiss"]
[EventRounds "9"]
[EventCountry "GER"]
[SourceTitle "EXT 2019"]
[Source "ChessBase"]
[SourceDate "2018.10.10"]
[SourceVersion "1"]
[SourceVersionDate "2018.10.10"]
[SourceQuality "1"]

1. Nf3 Nf6 2. g3 g6 3. Bg2 Bg7 4. 0-0 d5 5. d4 0-0 6. c4 dxc4 7. Qc2 Be6 8. e4 c6 9. Ng5 Bc8 10. e5 Nd5 11. Qxc4 Na6 12. f4 Nac7 13. Nc3 h6 14. Nf3 Be6 15. Qe2 Nb6 16. b3 Ncd5 17. Ne4 Bf5 18. Nc5 Rb8 19. Bb2 e6 20. h3 g5 21. fxg5 hxg5 22. Nh2 Ne7 23. Rad1 Nbd5 24. Ne4 Qa5 25. a3 Qb6 26. Nxg5 Qxb3 27. Rxf5 Nxf5 28. Qh5 Qe3+ 0-1

[Event "Ruhrgebiet Verbandsliga Gruppe 1 1718"]
[Site "Germany"]
[Date "2017.11.05"]
[Round "3.5"]
[White "Mueller Clostermann, Bruno"]
[Black "Wloka, Sebastian"]
[Result "1/2-1/2"]
[WhiteElo "2013"]
[BlackElo "1891"]
[PlyCount "68"]
[EventDate "2017.09.17"]
[EventType "team-tourn"]
[EventRounds "9"]
[EventCountry "GER"]
[SourceTitle "EXT 2022"]
[Source "ChessBase"]
[SourceDate "2021.10.06"]
[SourceVersion "1"]
[SourceVersionDate "2021.10.06"]
[SourceQuality "1"]
[WhiteTeam "Essen Katernberg III"]
[BlackTeam "Eichlinghofen SV"]
[WhiteTeamCountry "GER"]
[BlackTeamCountry "GER"]

1. Nf3 d5 2. c4 e6 3. g3 Nf6 4. Bg2 c6 5. Qc2 Bd6 6. d4 Nbd7 7. 0-0 0-0 8. Nfd2 e5 9. dxe5 Nxe5 10. cxd5 Nxd5 11. a3 Be6 12. Ne4 Be7 13. Nc5 Bxc5 14. Qxc5 b6 15. Qc2 Rc8 16. e4 Ne7 17. Rd1 Nd7 18. Nc3 Qc7 19. Bf4 Ne5 20. Rac1 Qb8 21. Ne2 c5 22. Nc3 f6 23. Nd5 N7c6 24. Qa4 Kf7 25. Bf1 g5 26. Be3 Nf3+ 27. Kg2 Nfd4 28. Rd2 Rfd8 29. Qd1 Qe5 30. Qh5+ Kg7 31. Bxd4 Nxd4 32. Nc3 Nb3 33. Rxd8 Rxd8 34. Rd1 Rxd1 1/2-1/2

[Event "GER-chA Seniors 29th"]
[Site "Berlin"]
[Date "2017.08.11"]
[Round "4"]
[White "Mueller Clostermann, Bruno"]
[Black "Namyslo, Holger"]
[Result "0-1"]
[WhiteElo "2125"]
[BlackElo "2226"]
[PlyCount "76"]
[EventDate "2017.08.07"]
[EventType "swiss"]
[EventRounds "9"]
[EventCountry "GER"]
[SourceTitle "EXT 2019"]
[Source "ChessBase"]
[SourceDate "2018.10.10"]
[SourceVersion "1"]
[SourceVersionDate "2018.10.10"]
[SourceQuality "1"]

1. Nf3 d5 2. g3 Nf6 3. Bg2 e6 4. 0-0 Be7 5. d4 0-0 6. c4 dxc4 7. Qc2 a6 8. Qxc4 b5 9. Qc2 Bb7 10. Bg5 Be4 11. Qc3 Nbd7 12. Bxf6 Nxf6 13. Nbd2 b4 14. Qc4 Bd5 15. Qd3 c5 16. dxc5 Bxc5 17. Nb3 Bb6 18. Ne5 Bxg2 19. Kxg2 Qc7 20. Nf3 Rfd8 21. Qb1 a5 22. Rd1 Qc4 23. e3 Bxe3 24. Nxa5 Qb5 25. Nb3 Bb6 26. Rxd8+ Rxd8 27. Qf1 Qd5 28. Qe2 h6 29. Nbd2 e5 30. Re1 Qxa2 31. Nc4 e4 32. Nfd2 Bd4 33. b3 Bc3 34. Nxe4 Qa8 35. f3 Nxe4 36. fxe4 Bxe1 37. Qxe1 Qa2+ 38. Kh3 Qxb3 0-1

[Event "Ruhrgebiet Regionalliga 1617"]
[Site "Germany"]
[Date "2017.02.26"]
[Round "7.6"]
[White "Mueller Clostermann, Bruno"]
[Black "Schaller, Torsten"]
[Result "1/2-1/2"]
[WhiteElo "2014"]
[BlackElo "2020"]
[PlyCount "56"]
[EventDate "2016.09.11"]
[EventType "team-tourn"]
[EventRounds "9"]
[EventCountry "GER"]
[SourceTitle "EXT 2022"]
[Source "ChessBase"]
[SourceDate "2021.10.06"]
[SourceVersion "1"]
[SourceVersionDate "2021.10.06"]
[SourceQuality "1"]
[WhiteTeam "Katernberg SF III"]
[BlackTeam "Welper SV"]
[WhiteTeamCountry "GER"]
[BlackTeamCountry "GER"]

1. Nf3 Nf6 2. g3 d5 3. Bg2 c6 4. c4 e6 5. b3 Nbd7 6. Bb2 Be7 7. 0-0 0-0 8. d3 Re8 9. Nbd2 Bf8 10. Rc1 e5 11. cxd5 cxd5 12. Rc2 Bd6 13. e4 dxe4 14. dxe4 Nb6 15. Qa1 Qe7 16. Rfc1 Bd7 17. a4 a5 18. Ne1 Bc6 19. Nd3 Nfd7 20. Nf1 Qe6 21. Nd2 Qg6 22. Ba3 Rad8 23. Bxd6 Qxd6 24. Qc3 Ra8 25. Nb2 Nf6 26. Nbc4 Nxc4 27. Nxc4 Qc5 28. Qe1 Red8 1/2-1/2

[Event "Ruhrgebiet Regionalliga 1617"]
[Site "Germany"]
[Date "2016.12.04"]
[Round "4.6"]
[White "Mueller Clostermann, Bruno"]
[Black "Busche, Klaus"]
[Result "0-1"]
[WhiteElo "2014"]
[BlackElo "1903"]
[PlyCount "68"]
[EventDate "2016.09.11"]
[EventType "team-tourn"]
[EventRounds "9"]
[EventCountry "GER"]
[SourceTitle "EXT 2022"]
[Source "ChessBase"]
[SourceDate "2021.10.06"]
[SourceVersion "1"]
[SourceVersionDate "2021.10.06"]
[SourceQuality "1"]
[WhiteTeam "Katernberg SF III"]
[BlackTeam "Ahlen SV"]
[WhiteTeamCountry "GER"]
[BlackTeamCountry "GER"]

1. Nf3 d5 2. d4 Nc6 3. c4 Bg4 4. Nc3 e6 5. Bg5 Be7 6. cxd5 exd5 7. Bxe7 Ngxe7 8. e3 0-0 9. Be2 a6 10. Rc1 Qd6 11. 0-0 Nb8 12. Qb3 Nd7 13. Rfd1 Nf6 14. a4 c6 15. a5 Ne4 16. Na4 Kh8 17. h3 Bh5 18. Rc2 f6 19. Ne1 Bxe2 20. Rxe2 Rab8 21. Nd3 Ng6 22. Nac5 Nxc5 23. Nxc5 f5 24. g3 Qe7 25. Qc2 Qd6 26. Rd3 Rf7 27. Rb3 Nf8 28. Qd3 h6 29. Rc2 Ne6 30. Nxe6 Qxe6 31. Qe2 Re8 32. Qh5 Kh7 33. Qf3 f4 34. gxf4 Qg6+ 0-1

[Event "MVP-ch Seniors op 16th"]
[Site "Binz"]
[Date "2016.11.28"]
[Round "6.19"]
[White "Mueller Clostermann, Bruno"]
[Black "Pawlick, Helmut"]
[Result "1-0"]
[WhiteElo "2144"]
[BlackElo "1934"]
[PlyCount "75"]
[EventDate "2016.11.23"]
[EventType "swiss"]
[EventRounds "9"]
[EventCountry "GER"]
[SourceTitle "EXT 2018"]
[Source "ChessBase"]
[SourceDate "2017.10.13"]
[SourceVersion "1"]
[SourceVersionDate "2017.10.13"]
[SourceQuality "1"]

1. Nf3 Nf6 2. g3 d5 3. Bg2 c5 4. 0-0 Nc6 5. d4 cxd4 6. Nxd4 e5 7. Nxc6 bxc6 8. c4 Be7 9. cxd5 cxd5 10. Nc3 e4 11. Bg5 Be6 12. Qa4+ Qd7 13. Qxd7+ Nxd7 14. Bxe7 Kxe7 15. Rfd1 Nf6 16. f3 exf3 17. exf3 Rhd8 18. Rd2 Rab8 19. Re1 Kf8 20. Ne2 Rb6 21. Rc1 Ke7 22. Nd4 Rc8 23. Rdc2 Rxc2 24. Rxc2 Kd6 25. Bf1 a6 26. Bd3 g6 27. Kf2 Nd7 28. b3 Nc5 29. Bf1 Nd7 30. Ke3 Nf6 31. a4 Kd7 32. a5 Rd6 33. b4 Ne8 34. b5 axb5 35. a6 Kd8 36. a7 Ra6 37. Nc6+ Kd7 38. Nb8+ 1-0

[Event "MVP-ch Seniors op 16th"]
[Site "Binz"]
[Date "2016.11.27"]
[Round "5.35"]
[White "Mellenthin, Horst"]
[Black "Mueller Clostermann, Bruno"]
[Result "0-1"]
[WhiteElo "1854"]
[BlackElo "2144"]
[PlyCount "94"]
[EventDate "2016.11.23"]
[EventType "swiss"]
[EventRounds "9"]
[EventCountry "GER"]
[SourceTitle "EXT 2018"]
[Source "ChessBase"]
[SourceDate "2017.10.13"]
[SourceVersion "1"]
[SourceVersionDate "2017.10.13"]
[SourceQuality "1"]

1. e4 Nf6 2. Nc3 e5 3. Nf3 d6 4. d4 Nbd7 5. dxe5 dxe5 6. Bc4 Bb4 7. Bg5 h6 8. Bxf6 Qxf6 9. Qd2 c6 10. 0-0 b5 11. Bd3 Bc5 12. Ne2 Nb6 13. Qc3 Nd7 14. b4 Bb6 15. a4 bxa4 16. Rxa4 0-0 17. Ba6 Bxa6 18. Rxa6 Rfe8 19. Raa1 Nf8 20. Rad1 a5 21. bxa5 Rxa5 22. Ra1 Rc5 23. Qb3 Rb5 24. Qc3 Rb8 25. Rfd1 g5 26. h3 Ng6 27. Rf1 h5 28. Nh2 Bd4 29. Nxd4 exd4 30. Qf3 Nf4 31. Kh1 Qg6 32. Rad1 c5 33. Rfe1 Rb2 34. Rc1 c4 35. g3 Ne6 36. Red1 Rd8 37. Qf5 Qg7 38. Kg1 d3 39. cxd3 cxd3 40. Nf3 g4 41. hxg4 hxg4 42. Nh2 Nd4 43. Qa5 Rdb8 44. Kg2 Nb3 45. Qc3 Nxc1 46. Qxg7+ Kxg7 47. Rxc1 Rb1 0-1

[Event "MVP-ch Seniors op 16th"]
[Site "Binz"]
[Date "2016.11.24"]
[Round "2.8"]
[White "Mueller Clostermann, Bruno"]
[Black "Willin, Bernhard"]
[Result "1/2-1/2"]
[WhiteElo "2144"]
[BlackElo "1947"]
[PlyCount "106"]
[EventDate "2016.11.23"]
[EventType "swiss"]
[EventRounds "9"]
[EventCountry "GER"]
[SourceTitle "EXT 2018"]
[Source "ChessBase"]
[SourceDate "2017.10.13"]
[SourceVersion "1"]
[SourceVersionDate "2017.10.13"]
[SourceQuality "1"]

1. Nf3 d5 2. g3 c6 3. Bg2 Bf5 4. c4 e6 5. b3 Nf6 6. Bb2 h6 7. 0-0 Nbd7 8. d3 Be7 9. Nbd2 0-0 10. Re1 Bh7 11. a3 Rc8 12. b4 a6 13. Qb3 Qc7 14. Rac1 Qb8 15. e4 Rfd8 16. a4 b5 17. axb5 axb5 18. c5 Bf8 19. Bc3 Qc7 20. Qb2 Ra8 21. Ra1 Rxa1 22. Qxa1 Qb7 23. Qb2 Ra8 24. Ne5 Nxe5 25. Bxe5 Nd7 26. Bc3 Bg6 27. Nb3 f6 28. Bh3 Bf7 29. exd5 exd5 30. Nd4 Ne5 31. Re3 Qa6 32. f4 Ng6 33. Ne6 Qa7 34. Qe2 Qa3 35. Bd2 Qb2 36. Be1 Qb1 37. Nd4 Ra2 38. Qf3 Ra1 39. Kf2 Qb2+ 40. Ne2 d4 41. Re4 Rxe1 42. Kxe1 Qxb4+ 43. Kf2 Bxc5 44. Be6 Ne7 45. Qh5 Bxe6 46. Qe8+ Kh7 47. Rxe6 Nf5 48. Rxc6 Ne3 49. Qe4+ f5 50. Qe6 Bf8 51. Qg6+ Kg8 52. Qe6+ Kh7 53. Qg6+ Kg8 1/2-1/2

[Event "GER-chA Seniors 28th"]
[Site "Niederhausen"]
[Date "2016.08.16"]
[Round "4"]
[White "Mueller Clostermann, Bruno"]
[Black "Achenbach, Manfred"]
[Result "0-1"]
[WhiteElo "2166"]
[BlackElo "2062"]
[PlyCount "104"]
[EventDate "2016.08.13"]
[EventType "swiss"]
[EventRounds "9"]
[EventCountry "GER"]
[SourceTitle "EXT 2019"]
[Source "ChessBase"]
[SourceDate "2018.10.10"]
[SourceVersion "1"]
[SourceVersionDate "2018.10.10"]
[SourceQuality "1"]

1. d4 c5 2. d5 e5 3. e4 d6 4. Bb5+ Nd7 5. a4 a6 6. Bd3 Be7 7. Nf3 Ngf6 8. Nc3 b6 9. 0-0 Nf8 10. Nd2 Ng6 11. Re1 h6 12. Nc4 Nh7 13. Be2 Bg5 14. Bg4 0-0 15. Bxc8 Rxc8 16. Bxg5 Nxg5 17. Qg4 Nh7 18. g3 Ne7 19. Ne3 Nf6 20. Qe2 Ra8 21. Nc4 Rb8 22. Ne3 Ra8 23. Kh1 Qd7 24. f4 Ng6 25. f5 Ne7 26. Nc4 Qc7 27. Ra3 Rac8 28. g4 g6 29. Rg1 Kh7 30. g5 hxg5 31. Rxg5 Kg7 32. Qg2 Rh8 33. Ne2 Rh4 34. Nd2 Rch8 35. h3 Qd7 36. Rag3 R8h6 37. b3 Kf8 38. Rf3 gxf5 39. exf5 b5 40. axb5 axb5 41. c4 b4 42. Ng3 Qa7 43. Ngf1 Qa1 44. Kh2 Qd4 45. Ne3 e4 46. Rfg3 Qe5 47. Kg1 Qf4 48. Ndf1 Qe5 49. Nd2 Qa1+ 50. Kh2 Qb2 51. Qf2 Qc3 52. Ng2 Rxh3+ 0-1

[Event "GER-chA Seniors 28th"]
[Site "Niederhausen"]
[Date "2016.08.15"]
[Round "3"]
[White "Mertens, Klaus"]
[Black "Mueller Clostermann, Bruno"]
[Result "1/2-1/2"]
[WhiteElo "2066"]
[BlackElo "2166"]
[PlyCount "57"]
[EventDate "2016.08.13"]
[EventType "swiss"]
[EventRounds "9"]
[EventCountry "GER"]
[SourceTitle "EXT 2019"]
[Source "ChessBase"]
[SourceDate "2018.10.10"]
[SourceVersion "1"]
[SourceVersionDate "2018.10.10"]
[SourceQuality "1"]

1. Nf3 f5 2. g3 Nf6 3. Bg2 d6 4. d4 e6 5. b3 Be7 6. Bb2 0-0 7. 0-0 Qe8 8. c4 Qh5 9. e3 Nbd7 10. Nbd2 c6 11. Ne1 Qh6 12. Nd3 d5 13. Nf3 Ne4 14. Nfe5 Ndf6 15. Qe2 Bd7 16. f3 Nd6 17. Nc5 Rad8 18. Bc1 g5 19. e4 Bc8 20. exd5 cxd5 21. Bd2 Rde8 22. Ncd3 Bd8 23. a4 dxc4 24. bxc4 Qg7 25. a5 h5 26. Bb4 Bc7 27. Rfb1 a6 28. Qf2 Rd8 29. Bc5 1/2-1/2

[Event "GER-chA Seniors 28th"]
[Site "Niederhausen"]
[Date "2016.08.14"]
[Round "2"]
[White "Mueller Clostermann, Bruno"]
[Black "Krebel, Christoph"]
[Result "1-0"]
[WhiteElo "2166"]
[BlackElo "2007"]
[PlyCount "99"]
[EventDate "2016.08.13"]
[EventType "swiss"]
[EventRounds "9"]
[EventCountry "GER"]
[SourceTitle "EXT 2019"]
[Source "ChessBase"]
[SourceDate "2018.10.10"]
[SourceVersion "1"]
[SourceVersionDate "2018.10.10"]
[SourceQuality "1"]

1. e4 Nf6 2. e5 Nd5 3. d4 d6 4. Nf3 dxe5 5. Nxe5 g6 6. c4 Nb6 7. Be3 Bg7 8. Nc3 c5 9. dxc5 Qxd1+ 10. Rxd1 Bxe5 11. cxb6 axb6 12. Bd4 Bxd4 13. Rxd4 Nc6 14. Rd2 0-0 15. Be2 e5 16. b3 Be6 17. 0-0 Nd4 18. Rfd1 Kg7 19. Kf1 f6 20. Bf3 Rf7 21. Bd5 Bxd5 22. Nxd5 Ra6 23. Nb4 Ra5 24. Nc2 Nc6 25. a4 Ra8 26. Rd6 Ra6 27. R1d5 Ra5 28. Ne3 f5 29. Rb5 Rxb5 30. cxb5 Nd4 31. b4 Rc7 32. Ke1 f4 33. Ng4 Nc2+ 34. Ke2 Nxb4 35. Nxe5 Re7 36. Rd7 Rxd7 37. Nxd7 Nd5 38. Kd3 Kf7 39. Kd4 Ke6 40. Nf8+ Kd6 41. Nxh7 Nc7 42. Ng5 Ne8 43. Nh3 Ng7 44. Nxf4 g5 45. Nd5 Ne6+ 46. Kc4 Nc5 47. Nxb6 Ne4 48. f3 Nd2+ 49. Kb4 Nf1 50. a5 1-0

[Event "Ruhrgebiet Verbandsliga Gruppe 2 1516"]
[Site "Germany"]
[Date "2016.03.20"]
[Round "8.5"]
[White "Zwielich, Frank"]
[Black "Mueller Clostermann, Bruno"]
[Result "1/2-1/2"]
[WhiteElo "1959"]
[BlackElo "2017"]
[PlyCount "29"]
[EventDate "2015.09.06"]
[EventType "team-tourn"]
[EventRounds "9"]
[EventCountry "GER"]
[SourceTitle "EXT 2022"]
[Source "ChessBase"]
[SourceDate "2021.10.06"]
[SourceVersion "1"]
[SourceVersionDate "2021.10.06"]
[SourceQuality "1"]
[WhiteTeam "Wattenscheid SV III"]
[BlackTeam "Katernberg SF III"]
[WhiteTeamCountry "GER"]
[BlackTeamCountry "GER"]

1. d4 f5 2. g4 fxg4 3. e4 d5 4. e5 Bf5 5. c4 Nc6 6. Nc3 dxc4 7. Be3 e6 8. Bxc4 Bb4 9. Nge2 Nge7 10. Ng3 Nd5 11. Rc1 Nxe3 12. fxe3 Qg5 13. Ke2 Bxc3 14. bxc3 Qg6 15. Rf1 1/2-1/2

[Event "Ruhrgebiet Verbandsliga Gruppe 2 1516"]
[Site "Germany"]
[Date "2015.11.29"]
[Round "4.5"]
[White "Mueller Clostermann, Bruno"]
[Black "Mueller, Martin"]
[Result "1-0"]
[WhiteElo "2014"]
[BlackElo "2019"]
[PlyCount "81"]
[EventDate "2015.09.06"]
[EventType "team-tourn"]
[EventRounds "9"]
[EventCountry "GER"]
[SourceTitle "EXT 2022"]
[Source "ChessBase"]
[SourceDate "2021.10.06"]
[SourceVersion "1"]
[SourceVersionDate "2021.10.06"]
[SourceQuality "1"]
[WhiteTeam "Katernberg SF III"]
[BlackTeam "Wanne-Eickel SV Unser Fritz"]
[WhiteTeamCountry "GER"]
[BlackTeamCountry "GER"]

1. Nf3 d6 2. g3 f5 3. Bg2 Nf6 4. 0-0 g6 5. b4 Bg7 6. Bb2 e5 7. c4 0-0 8. Nc3 h6 9. Qb3 Kh7 10. d3 Qe8 11. Nd5 Na6 12. Nd2 c6 13. Nxf6+ Bxf6 14. e3 g5 15. d4 Nc7 16. dxe5 dxe5 17. Rad1 Be6 18. Qc2 Qg6 19. Ne4 Bg7 20. Nc5 Bc8 21. Rd2 Ne6 22. Nd7 Bxd7 23. Rxd7 Rf7 24. Rfd1 Raf8 25. c5 g4 26. a4 Ng5 27. R1d6 Qh5 28. Qc4 Nf3+ 29. Bxf3 gxf3 30. b5 Qh3 31. Qf1 Qg4 32. Qd1 f4 33. exf4 Rxd7 34. Rxd7 Qh3 35. Rxg7+ Kxg7 36. Bxe5+ Kf7 37. Qxf3 Qe6 38. Kg2 Rc8 39. Bd6 b6 40. f5 Qd7 41. Qh5+ 1-0

[Event "Ruhrgebiet Verbandsliga Gruppe 2 1516"]
[Site "Germany"]
[Date "2015.11.08"]
[Round "3.5"]
[White "Bauch, Ralf"]
[Black "Mueller Clostermann, Bruno"]
[Result "1/2-1/2"]
[WhiteElo "1944"]
[BlackElo "2014"]
[PlyCount "81"]
[EventDate "2015.09.06"]
[EventType "team-tourn"]
[EventRounds "9"]
[EventCountry "GER"]
[SourceTitle "EXT 2022"]
[Source "ChessBase"]
[SourceDate "2021.10.06"]
[SourceVersion "1"]
[SourceVersionDate "2021.10.06"]
[SourceQuality "1"]
[WhiteTeam "Brambauer"]
[BlackTeam "Katernberg SF III"]
[WhiteTeamCountry "GER"]
[BlackTeamCountry "GER"]

1. d4 d6 2. c4 e5 3. d5 c5 4. Nc3 Be7 5. e4 Bg5 6. Bd3 Na6 7. a3 Bxc1 8. Qxc1 Bd7 9. Nge2 Qh4 10. Ng3 Qh6 11. Nb5 Qxc1+ 12. Rxc1 Ke7 13. Nf5+ Bxf5 14. exf5 Nf6 15. 0-0 Kd7 16. Nc3 Nc7 17. Rfd1 Rab8 18. b4 b6 19. bxc5 bxc5 20. Rb1 a6 21. Bc2 Na8 22. f3 Nb6 23. Bd3 Kc7 24. Rb2 Nbd7 25. Rdb1 h6 26. g4 Rxb2 27. Rxb2 Rb8 28. Rxb8 Kxb8 29. h4 Kc7 30. Kg2 Kb6 31. g5 hxg5 32. hxg5 Nh5 33. Bc2 Kc7 34. Ne2 f6 35. g6 Nf4+ 36. Kf2 Nxe2 37. Kxe2 Nb6 38. Bb3 Nc8 39. Ke3 Kb6 40. Ke4 Ka5 41. Kd3 1/2-1/2

[Event "Ruhrgebiet Verbandsliga Gruppe 2 1516"]
[Site "Germany"]
[Date "2015.09.27"]
[Round "2.4"]
[White "Aulich, Marcell"]
[Black "Mueller Clostermann, Bruno"]
[Result "1/2-1/2"]
[WhiteElo "2145"]
[BlackElo "2026"]
[PlyCount "60"]
[EventDate "2015.09.06"]
[EventType "team-tourn"]
[EventRounds "9"]
[EventCountry "GER"]
[SourceTitle "EXT 2022"]
[Source "ChessBase"]
[SourceDate "2021.10.06"]
[SourceVersion "1"]
[SourceVersionDate "2021.10.06"]
[SourceQuality "1"]
[WhiteTeam "Horst Emscher"]
[BlackTeam "Katernberg SF III"]
[WhiteTeamCountry "GER"]
[BlackTeamCountry "GER"]

1. e4 Nf6 2. e5 Nd5 3. c4 Nb6 4. c5 Nd5 5. Bc4 e6 6. d4 b6 7. cxb6 axb6 8. Ne2 Ba6 9. Nd2 Bxc4 10. Nxc4 Bb4+ 11. Bd2 Nc6 12. 0-0 Bxd2 13. Qxd2 0-0 14. f4 f6 15. Ne3 Nxe3 16. Qxe3 Qe7 17. a3 b5 18. Rfd1 Na5 19. Qc3 Nc4 20. a4 c6 21. b3 Nb6 22. axb5 cxb5 23. exf6 gxf6 24. Rxa8 Rxa8 25. f5 Nd5 26. Qf3 Rc8 27. Ra1 Kh8 28. Ng3 Qb4 29. Qe4 Qd6 30. Re1 Rc6 1/2-1/2